[Event "RUS-chT2"]
[Site "Korolev"]
[Date "2000.??.??"]
[Round "?"]
[White "Popov, Valerij"]
[Black "Yanvarjov, Igor"]
[Result "1-0"]
[WhiteElo "2557"]
[BlackElo "2419"]
[PlyCount "117"]
[EventDate "2000.10.??"]
[EventType "team-tourn"]
[EventRounds "9"]
[EventCountry "RUS"]
[SourceTitle "EXT 2002"]
[Source "ChessBase"]
[SourceDate "2001.11.25"]
[SourceVersion "1"]
[SourceVersionDate "2001.11.25"]
[SourceQuality "1"]

1. d4 Nf6 2. c4 g6 3. Nc3 Bg7 4. e4 d6 5. Be2 0-0 6. Nf3 e5 7. 0-0 Nbd7 8. Bg5 h6 9. Bh4 c6 10. d5 c5 11. Nd2 h5 12. Bg5 Re8 13. a3 Nf8 14. b4 b6 15. f3 N8h7 16. Be3 h4 17. bxc5 bxc5 18. Qa4 a6 19. Rfb1 Bd7 20. Qc2 Nh5 21. Rb7 Bc8 22. Rb2 Bf6 23. Na4 Bg5 24. Bf2 Bf4 25. Nb6 Qg5 26. Nxc8 Rexc8 27. Nf1 Ng3 28. Rb6 Nxf1 29. Rxf1 Rd8 30. Rfb1 Be3 31. Qc3 Bd4 32. Qc1 Qe7 33. Qe1 Nf6 34. Bd1 Nd7 35. Rb7 Qg5 36. Ba4 Nf6 37. Qc1 Qh5 38. Bxd4 cxd4 39. c5 dxc5 40. Qxc5 Qg5 41. Qc1 Qxc1+ 42. Rxc1 Rab8 43. Rcc7 Rxb7 44. Rxb7 Nh5 45. Rb6 Nf4 46. g3 Ne2+ 47. Kf2 Nc3 48. Bc2 hxg3+ 49. hxg3 Kg7 50. Rxa6 Rh8 51. d6 Kf6 52. Bb3 Rh2+ 53. Kf1 Rb2 54. Ra8 Rb1+ 55. Kg2 Rb2+ 56. Kh3 Ne2 57. d7 Kg5 58. d8Q+ f6 59. f4+ 1-0

[Event "RUS-chT clubs 1L"]
[Site "Korolev"]
[Date "2000.??.??"]
[Round "9"]
[White "Zakhartsov, Viacheslav V"]
[Black "Yanvarjov, Igor"]
[Result "1/2-1/2"]
[WhiteElo "2487"]
[BlackElo "2419"]
[PlyCount "146"]
[EventDate "2000.??.??"]
[EventType "team-tourn"]
[EventRounds "9"]
[EventCountry "RUS"]
[SourceTitle "EXT 2006"]
[Source "ChessBase"]
[SourceDate "2005.11.24"]
[SourceVersion "1"]
[SourceVersionDate "2005.11.24"]
[SourceQuality "1"]

1. d4 Nf6 2. c4 g6 3. Nc3 Bg7 4. e4 d6 5. Nf3 0-0 6. Be2 e5 7. 0-0 Nbd7 8. Be3 Re8 9. d5 Ng4 10. Bg5 f6 11. Bd2 Nh6 12. Qc2 a5 13. a3 Nf8 14. b4 Qe7 15. Rac1 g5 16. c5 axb4 17. axb4 Ng6 18. Nb5 g4 19. Ne1 Rd8 20. Be3 Nf4 21. cxd6 cxd6 22. Bb6 Rf8 23. Nc7 Ra4 24. Nd3 Nxe2+ 25. Qxe2 f5 26. f3 gxf3 27. gxf3 fxe4 28. fxe4 Rxf1+ 29. Rxf1 Bh3 30. Re1 Ra3 31. Kh1 Bg4 32. Qe3 Qf7 33. Kg2 Qg6 34. Kh1 Nf5 35. exf5 Bxf5 36. Qg3 Rxd3 37. Qxg6 hxg6 38. Kg2 Bh6 39. Ne8 Rd2+ 40. Kg1 Bf4 41. Bf2 b5 42. Bg3 Bxg3 43. hxg3 Rd4 44. Nxd6 Rxd5 45. Ne8 Rd4 46. Rxe5 Rxb4 47. Nd6 Bd3 48. Kf2 Kg7 49. Ke3 Kf6 50. Rd5 Bf1 51. Ne8+ Ke6 52. Nc7+ Ke7 53. Rd1 Bc4 54. Nd5+ Bxd5 55. Rxd5 Kf6 56. Kf3 g5 57. g4 Rf4+ 58. Kg3 b4 59. Rb5 Rc4 60. Kf3 Rf4+ 61. Kg3 Rd4 62. Kf3 Rc4 63. Rf5+ Kg6 64. Rb5 Rf4+ 65. Kg3 Kf6 66. Rb6+ Ke5 67. Rb5+ Kd6 68. Rxg5 Rd4 69. Rb5 Kc6 70. Rb8 Kc5 71. Kh4 Kc4 72. Kh5 b3 73. g5 Kc3 1/2-1/2

[Event "RUS-chT2"]
[Site "Korolev"]
[Date "1999.??.??"]
[Round "1"]
[White "Sambuev, Bator"]
[Black "Yanvarjov, Igor"]
[Result "1-0"]
[WhiteElo "2409"]
[BlackElo "2415"]
[PlyCount "43"]
[EventDate "1999.??.??"]
[EventType "team-tourn"]
[EventRounds "5"]
[EventCountry "RUS"]
[SourceTitle "EXT 2001"]
[Source "ChessBase"]
[SourceDate "2000.11.22"]
[SourceVersion "1"]
[SourceVersionDate "2000.11.22"]
[SourceQuality "1"]

1. Nf3 d6 2. d4 Nf6 3. c4 g6 4. Nc3 Bg7 5. e4 Bg4 6. Be2 0-0 7. Be3 Nc6 8. d5 Bxf3 9. Bxf3 Ne5 10. Be2 Re8 11. g4 h6 12. h4 e6 13. g5 hxg5 14. hxg5 Nh7 15. dxe6 Rxe6 16. Qd2 a6 17. f4 Nd7 18. Bd4 f6 19. c5 c6 20. 0-0-0 d5 21. exd5 cxd5 22. Bf3 1-0

[Event "Moscow-ch"]
[Site "Moscow"]
[Date "1997.??.??"]
[Round "7"]
[White "Arbakov, Valentin"]
[Black "Yanvarjov, Igor"]
[Result "1-0"]
[WhiteElo "2490"]
[BlackElo "2420"]
[PlyCount "63"]
[EventDate "1997.??.??"]
[EventType "swiss"]
[EventRounds "9"]
[EventCountry "RUS"]
[SourceTitle "EXT 2000"]
[Source "ChessBase"]
[SourceDate "1999.11.16"]
[SourceVersion "1"]
[SourceVersionDate "1999.11.16"]
[SourceQuality "1"]

1. d4 d6 2. e4 Nf6 3. Nc3 Nbd7 4. f4 e5 5. Nf3 exd4 6. Qxd4 c6 7. h3 Be7 8. g4 0-0 9. Bg2 Re8 10. Be3 Nxe4 11. Nxe4 d5 12. 0-0-0 dxe4 13. Ng5 Bf6 14. Qc4 Bxg5 15. fxg5 Qe7 16. Rhe1 Nb6 17. Qc5 Qxc5 18. Bxc5 Be6 19. Bxe4 Nd5 20. Bd6 Rad8 21. Bg3 f6 22. gxf6 Nxf6 23. Rxd8 Rxd8 24. Bxh7+ Kf7 25. Bd3 Bxa2 26. g5 Ne8 27. h4 b5 28. h5 Bc4 29. Bg6+ Kf8 30. Rxe8+ Rxe8 31. Bd6+ Re7 32. h6 1-0

[Event "Collado Villalba op 14th"]
[Site "Collado Villalba"]
[Date "1997.??.??"]
[Round "9"]
[White "Dolezal, Cristian"]
[Black "Yanvarjov, Igor"]
[Result "1-0"]
[WhiteElo "2350"]
[BlackElo "2420"]
[PlyCount "80"]
[EventDate "1997.08.??"]
[EventType "swiss"]
[EventRounds "9"]
[EventCountry "ESP"]
[SourceTitle "EXT 1999"]
[Source "ChessBase"]
[SourceDate "1998.11.16"]
[SourceVersion "1"]
[SourceVersionDate "1998.11.16"]
[SourceQuality "1"]

1. e4 e5 2. Nf3 d6 3. Bc4 Be7 4. 0-0 Nf6 5. Re1 0-0 6. c3 Nbd7 7. Bb3 Nc5 8. Bc2 Bg4 9. h3 Bh5 10. d4 Ncd7 11. Nbd2 Bg6 12. Nh4 Bxe4 13. Nxe4 Nxe4 14. Rxe4 Bxh4 15. Qh5 Bxf2+ 16. Kxf2 Nf6 17. Qh4 Nxe4+ 18. Qxe4 f5 19. Qxb7 Kh8 20. Kg1 e4 21. Qd5 Qh4 22. Be3 Rae8 23. Bf2 Qg5 24. Ba4 Re7 25. Rf1 e3 26. Be1 e2 27. Rf3 h6 28. Bb5 Rf6 29. h4 Qc1 30. Kf2 Rf8 31. Bd3 g5 32. Bxf5 Kg7 33. hxg5 hxg5 34. Be4 Rxf3+ 35. gxf3 g4 36. Qf5 g3+ 37. Kxe2 d5 38. Qh7+ Kf8 39. Qh8+ Kf7 40. Bd2 Qh1 1-0

[Event "Moscow-ch"]
[Site "Moscow"]
[Date "1996.??.??"]
[Round "5"]
[White "Balashov, Yuri S"]
[Black "Yanvarjov, Igor"]
[Result "1/2-1/2"]
[WhiteElo "2530"]
[BlackElo "2420"]
[PlyCount "38"]
[EventDate "1996.08.??"]
[EventType "swiss"]
[EventRounds "11"]
[EventCountry "RUS"]
[SourceTitle "CBM 055 Extra"]
[Source "ChessBase"]
[SourceDate "1997.01.01"]
[SourceVersion "1"]
[SourceVersionDate "1997.01.01"]
[SourceQuality "1"]

1. e4 d6 2. Nc3 e5 3. Bc4 g6 4. d3 Bg7 5. f4 Nc6 6. Nf3 Be6 7. Bb3 Bxb3 8. axb3 Nge7 9. 0-0 Qd7 10. Qe1 0-0 11. Qh4 f5 12. fxe5 Nxe5 13. Nxe5 dxe5 14. Bg5 Rae8 15. Bxe7 Rxe7 16. Rxa7 Qd4+ 17. Qf2 Qd6 18. Qe2 Qd4+ 19. Qf2 Qd6 1/2-1/2

[Event "Moscow-ch"]
[Site "Moscow"]
[Date "1996.??.??"]
[Round "7"]
[White "Hramtsov, Alexander"]
[Black "Yanvarjov, Igor"]
[Result "1-0"]
[WhiteElo "2350"]
[BlackElo "2420"]
[PlyCount "133"]
[EventDate "1996.08.??"]
[EventType "swiss"]
[EventRounds "11"]
[EventCountry "RUS"]
[SourceTitle "CBM 055 Extra"]
[Source "ChessBase"]
[SourceDate "1997.01.01"]
[SourceVersion "1"]
[SourceVersionDate "1997.01.01"]
[SourceQuality "1"]

1. g3 d5 2. Bg2 c6 3. d3 e5 4. Nf3 Nd7 5. e4 dxe4 6. dxe4 Ngf6 7. Nbd2 Be7 8. 0-0 0-0 9. b3 Qc7 10. Bb2 Re8 11. a4 Bf8 12. Qe2 a5 13. Rfd1 Ng4 14. h3 Nh6 15. Nc4 f6 16. Rd2 Nf7 17. Bf1 Nc5 18. Kg2 Be6 19. Qe3 g6 20. Rdd1 b5 21. Ncd2 Rab8 22. Bc3 b4 23. Bb2 Qa7 24. Bc4 Bh6 25. Qe2 Bxd2 26. Rxd2 Qe7 27. Rad1 Rbd8 28. Bxe6 Qxe6 29. Rxd8 Rxd8 30. Rxd8+ Nxd8 31. Nd2 Nf7 32. Nc4 Nd6 33. Nxa5 Ncxe4 34. f3 Ng5 35. g4 Qd5 36. Qd3 Qxd3 37. cxd3 Ne6 38. d4 Nf4+ 39. Kf1 e4 40. fxe4 Nxe4 41. Nc4 Nd5 42. Ke2 f5 43. gxf5 gxf5 44. Ne5 c5 45. Kd3 cxd4 46. Kxd4 Nc7 47. Kc4 Nd2+ 48. Kxb4 f4 49. Kc3 Ne4+ 50. Kd4 Nd2 51. b4 f3 52. Ke3 f2 53. Kxf2 Nd5 54. b5 Nb3 55. Nc4 Kf7 56. Kf3 Ke6 57. Kg4 Nc7 58. Ba3 Nd4 59. Kh5 Ncxb5 60. axb5 Nxb5 61. Bb2 Kf7 62. Be5 Na7 63. Kg5 Nc6 64. Bc3 Ne7 65. h4 Nd5 66. Bd4 Ne7 67. Ne5+ 1-0

[Event "Moscow-ch"]
[Site "Moscow"]
[Date "1996.??.??"]
[Round "3"]
[White "Loskutov, Oleg"]
[Black "Yanvarjov, Igor"]
[Result "0-1"]
[WhiteElo "2395"]
[BlackElo "2420"]
[PlyCount "50"]
[EventDate "1996.08.??"]
[EventType "swiss"]
[EventRounds "11"]
[EventCountry "RUS"]
[SourceTitle "CBM 055 Extra"]
[Source "ChessBase"]
[SourceDate "1997.01.01"]
[SourceVersion "1"]
[SourceVersionDate "1997.01.01"]
[SourceQuality "1"]

1. e4 d6 2. d4 Nf6 3. Nc3 Nbd7 4. f4 e5 5. Nf3 exd4 6. Qxd4 c6 7. Bc4 d5 8. exd5 Bc5 9. Qd3 0-0 10. dxc6 bxc6 11. Ne2 Qe7 12. Nfd4 Bxd4 13. Qxd4 Nb6 14. Bd3 Re8 15. Qe5 Qf8 16. Qa5 Bg4 17. Kf1 Bxe2+ 18. Bxe2 Qe7 19. Bd3 Ng4 20. g3 Nc4 21. Qh5 Qe1+ 22. Kg2 Re2+ 23. Kf3 Qxh1+ 24. Kxg4 Rxh2 25. Bd2 Rxh5 0-1

[Event "Moscow Alekhine op"]
[Site "Moscow"]
[Date "1996.??.??"]
[Round "4"]
[White "Shaposhnikov, Evgeny"]
[Black "Yanvarjov, Igor"]
[Result "1-0"]
[WhiteElo "2320"]
[BlackElo "2430"]
[PlyCount "71"]
[EventDate "1996.??.??"]
[EventType "swiss"]
[EventRounds "9"]
[EventCountry "RUS"]
[SourceTitle "EXT 1999"]
[Source "ChessBase"]
[SourceDate "1998.11.16"]
[SourceVersion "1"]
[SourceVersionDate "1998.11.16"]
[SourceQuality "1"]

1. e4 d6 2. d4 Nf6 3. Nc3 Nbd7 4. Nf3 e5 5. Bc4 Be7 6. 0-0 0-0 7. Qe2 c6 8. Rd1 Qa5 9. Rb1 b5 10. b4 Qc7 11. Bb3 a5 12. bxa5 Qxa5 13. Bd2 Qc7 14. Rdc1 exd4 15. Nxd4 Nc5 16. f3 Re8 17. Qf2 Bd7 18. Be3 Qa5 19. Nce2 Nxb3 20. axb3 d5 21. e5 c5 22. b4 Qc7 23. exf6 cxd4 24. Bf4 Bd6 25. Qg3 g6 26. Bxd6 Qc4 27. Nf4 Ra2 28. Qf2 Bf5 29. Re1 Rea8 30. Qh4 d3 31. cxd3 Bxd3 32. Qh6 Qd4+ 33. Kh1 Qxf6 34. Be5 Qxe5 35. Rxe5 Bxb1 36. Nxd5 1-0

[Event "Moscow-ch"]
[Site "Moscow"]
[Date "1996.??.??"]
[Round "4"]
[White "Yanvarjov, Igor"]
[Black "Dragomarezkij, Evgeni"]
[Result "1/2-1/2"]
[WhiteElo "2420"]
[BlackElo "2465"]
[PlyCount "100"]
[EventDate "1996.08.??"]
[EventType "swiss"]
[EventRounds "11"]
[EventCountry "RUS"]
[SourceTitle "CBM 055 Extra"]
[Source "ChessBase"]
[SourceDate "1997.01.01"]
[SourceVersion "1"]
[SourceVersionDate "1997.01.01"]
[SourceQuality "1"]

1. d4 d5 2. c4 dxc4 3. e3 e5 4. Bxc4 exd4 5. exd4 Nf6 6. Nf3 Be7 7. 0-0 0-0 8. h3 Nbd7 9. Nc3 Nb6 10. Bb3 Nbd5 11. Re1 c6 12. Bg5 Be6 13. Rc1 Re8 14. Bxf6 Bxf6 15. Nxd5 cxd5 16. Rc5 Be7 17. Rc2 Rc8 18. Rxc8 Qxc8 19. Qd2 Qd8 20. Ba4 Rf8 21. Bb3 Bf6 22. Qf4 Qb8 23. Ne5 Rc8 24. Qg3 a6 25. f4 Qd6 26. Qf3 Qb6 27. Rd1 Bxe5 28. fxe5 Qb5 29. Qd3 Qc6 30. Kh2 Qd7 31. Rf1 g6 32. Qf3 a5 33. Rf2 a4 34. Bc2 Rc4 35. Qf4 Qc7 36. Bd3 Rc1 37. h4 a3 38. bxa3 Rc3 39. Be2 Rxa3 40. Bg4 Bxg4 41. Qxg4 Re3 42. Qg5 Re4 43. Rf6 h6 44. Qxh6 Rxd4 45. Qg5 Qc4 46. e6 Rxh4+ 47. Kg3 Rh1 48. Rxf7 Qc3+ 49. Kg4 Qc4+ 50. Kg3 Qc3+ 1/2-1/2

[Event "Moscow Alekhine op"]
[Site "Moscow"]
[Date "1996.??.??"]
[Round "1"]
[White "Yanvarjov, Igor"]
[Black "Kunin, Vitaly L"]
[Result "1-0"]
[WhiteElo "2430"]
[BlackElo "2040"]
[PlyCount "121"]
[EventDate "1996.??.??"]
[EventType "swiss"]
[EventRounds "9"]
[EventCountry "RUS"]
[SourceTitle "EXT 1999"]
[Source "ChessBase"]
[SourceDate "1998.11.16"]
[SourceVersion "1"]
[SourceVersionDate "1998.11.16"]
[SourceQuality "1"]

1. d4 Nf6 2. Nf3 e6 3. c4 Bb4+ 4. Bd2 Qe7 5. g3 Nc6 6. Nc3 Bxc3 7. Bxc3 Ne4 8. Qc2 Nxc3 9. Qxc3 Qb4 10. Rc1 Qxc3+ 11. Rxc3 a5 12. Bg2 d6 13. Kd2 0-0 14. Rd1 e5 15. dxe5 dxe5 16. Ke1 f6 17. Nd2 Nd4 18. e3 Ne6 19. c5 Rd8 20. h4 a4 21. Nc4 Rxd1+ 22. Kxd1 Kf8 23. Nd2 Ke7 24. f4 Ra5 25. c6 b6 26. Be4 h6 27. Bc2 Ba6 28. fxe5 Rxe5 29. Bxa4 b5 30. Bc2 b4 31. Rb3 Nc5 32. Rxb4 Rxe3 33. Ne4 Nd3 34. Bxd3 Bxd3 35. Nc5 Rxg3 36. Rd4 Bf5 37. Rd5 Be6 38. Nxe6 Kxe6 39. Rd7 g5 40. Rxc7 Kd6 41. Rf7 Kxc6 42. Rxf6+ Kb5 43. Rxh6 gxh4 44. Rh5+ Kc4 45. Rxh4+ Kd3 46. Rh1 Rf3 47. Kc1 Rf2 48. Kb1 Kc4 49. Rh4+ Kd3 50. a3 Rf1+ 51. Ka2 Kc2 52. Rc4+ Kd3 53. Kb3 Rf2 54. Rb4 Kd2 55. a4 Kc1 56. Ka2 Rc2 57. Rb3 Kd1 58. Rd3+ Ke2 59. Rc3 Rd2 60. a5 Rd5 61. a6 1-0

[Event "Moscow-ch"]
[Site "Moscow"]
[Date "1996.??.??"]
[Round "10"]
[White "Yanvarjov, Igor"]
[Black "Pavlov, Nikita"]
[Result "1-0"]
[WhiteElo "2420"]
[BlackElo "2310"]
[PlyCount "110"]
[EventDate "1996.08.??"]
[EventType "swiss"]
[EventRounds "11"]
[EventCountry "RUS"]
[SourceTitle "CBM 055 Extra"]
[Source "ChessBase"]
[SourceDate "1997.01.01"]
[SourceVersion "1"]
[SourceVersionDate "1997.01.01"]
[SourceQuality "1"]

1. d4 Nf6 2. Nf3 g6 3. c4 c5 4. Nc3 cxd4 5. Nxd4 d6 6. e4 Bg7 7. Be2 0-0 8. 0-0 Nc6 9. Be3 Bd7 10. Rc1 Nxd4 11. Bxd4 Bc6 12. Qd3 b6 13. Rfd1 Qc8 14. Nd5 Bxd5 15. cxd5 Qb7 16. Rc6 Rac8 17. Rdc1 Rxc6 18. dxc6 Qc7 19. b4 Rc8 20. a4 Ne8 21. Be3 Rd8 22. Qc4 e6 23. Bf3 Nf6 24. Bf4 h6 25. h4 Qe7 26. Qa6 Ne8 27. c7 Nxc7 28. Qxa7 Nd5 29. Qxe7 Nxe7 30. Rd1 Bc3 31. b5 e5 32. Bxh6 Bd4 33. Bg5 Kf8 34. Rc1 Bc5 35. Ra1 Ra8 36. Bd2 Bd4 37. Ra2 Rb8 38. g4 Ng8 39. g5 f6 40. Bg4 Ke7 41. Kg2 Ra8 42. a5 bxa5 43. Rxa5 Rb8 44. Be3 Kf7 45. Bxd4 exd4 46. Ra7+ Ne7 47. Bd7 fxg5 48. hxg5 Kf8 49. Kf3 Nc8 50. Bxc8 Rxc8 51. Ra3 Ke7 52. Rb3 Ke6 53. b6 Rf8+ 54. Ke2 Ke5 55. b7 Rb8 1-0

[Event "Moscow-ch"]
[Site "Moscow"]
[Date "1996.??.??"]
[Round "6"]
[White "Yanvarjov, Igor"]
[Black "Rychagov, Andrey"]
[Result "0-1"]
[WhiteElo "2420"]
[BlackElo "2375"]
[PlyCount "80"]
[EventDate "1996.08.??"]
[EventType "swiss"]
[EventRounds "11"]
[EventCountry "RUS"]
[SourceTitle "CBM 055 Extra"]
[Source "ChessBase"]
[SourceDate "1997.01.01"]
[SourceVersion "1"]
[SourceVersionDate "1997.01.01"]
[SourceQuality "1"]

1. d4 d5 2. c4 e6 3. Nf3 c5 4. e3 Nc6 5. Nc3 Nf6 6. cxd5 exd5 7. Be2 a6 8. 0-0 Bd6 9. dxc5 Bxc5 10. b3 0-0 11. Na4 Ba7 12. Ba3 Re8 13. Bc5 b6 14. Ba3 b5 15. Rc1 bxa4 16. Rxc6 Bb7 17. Rc2 axb3 18. axb3 Ne4 19. Nd4 Rc8 20. Bb2 Qg5 21. Bd3 Bb8 22. f4 Qg6 23. Rf3 Qh5 24. g4 Qg6 25. Rg2 f6 26. g5 f5 27. Rh3 Ba7 28. Rh6 Bxd4 29. Bxd4 gxh6 30. gxh6 Re6 31. Bxe4 dxe4 32. Bb2 Kf8 33. Rxg6 Rxg6+ 34. Kf1 Bc6 35. Qd4 Bb5+ 36. Ke1 Rg1+ 37. Kf2 Rf1+ 38. Kg3 Rg1+ 39. Kh4 Rg4+ 40. Kh5 Be8# 0-1

[Event "Moscow op"]
[Site "Moscow"]
[Date "1995.??.??"]
[Round "3"]
[White "Dragomarezkij, Evgeni"]
[Black "Yanvarjov, Igor"]
[Result "1-0"]
[WhiteElo "2465"]
[BlackElo "2425"]
[PlyCount "75"]
[EventDate "1995.??.??"]
[EventType "swiss"]
[EventRounds "9"]
[EventCountry "RUS"]
[SourceTitle "EXT 2000"]
[Source "ChessBase"]
[SourceDate "1999.11.16"]
[SourceVersion "1"]
[SourceVersionDate "1999.11.16"]
[SourceQuality "1"]

1. d4 g6 2. c4 Bg7 3. e4 d6 4. Nc3 Nf6 5. f3 0-0 6. Be3 Nbd7 7. Nh3 e5 8. d5 Nc5 9. Nf2 Nh5 10. Qd2 f5 11. 0-0-0 Bd7 12. exf5 gxf5 13. g4 fxg4 14. fxg4 Nf4 15. h4 c6 16. g5 Qa5 17. Bxc5 Qxc5 18. Nfe4 Qa5 19. Rg1 Kh8 20. h5 cxd5 21. h6 dxe4 22. hxg7+ Kxg7 23. Qxd6 Bf5 24. Nd5 Nxd5 25. Qxe5+ Kg8 26. g6 hxg6 27. Rh1 Rf6 28. Rxd5 Qe1+ 29. Rd1 Qe3+ 30. Kb1 Qf3 31. Bg2 e3+ 32. Ka1 Qxg2 33. Qxf6 Bh3 34. Rdg1 Rf8 35. Qxg6+ Qxg6 36. Rxg6+ Kf7 37. Rg3 e2 38. Rgxh3 1-0

[Event "Moscow op"]
[Site "Moscow"]
[Date "1995.??.??"]
[Round "9"]
[White "Golubev, Mikhail"]
[Black "Yanvarjov, Igor"]
[Result "1-0"]
[WhiteElo "2570"]
[BlackElo "2425"]
[PlyCount "79"]
[EventDate "1995.??.??"]
[EventType "swiss"]
[EventRounds "9"]
[EventCountry "RUS"]
[SourceTitle "EXT 2000"]
[Source "ChessBase"]
[SourceDate "1999.11.16"]
[SourceVersion "1"]
[SourceVersionDate "1999.11.16"]
[SourceQuality "1"]

1. e4 e5 2. Nf3 d6 3. d4 Nd7 4. Bc4 exd4 5. Nxd4 Ngf6 6. 0-0 g6 7. Re1 Bg7 8. Nc3 0-0 9. Bf1 c6 10. Bf4 Ne5 11. h3 a5 12. a4 Qb6 13. Be3 Qc7 14. Qd2 Ne8 15. Rad1 f5 16. Bf4 Qf7 17. exf5 Bxf5 18. Nxf5 Qxf5 19. Bg3 Rd8 20. Ne4 d5 21. Qxa5 Rd7 22. Nc5 Rdf7 23. Bd3 Nxd3 24. Nxd3 Nf6 25. Bd6 Rc8 26. Ne5 Ne4 27. Nxf7 Qxf2+ 28. Kh1 Qxf7 29. Rf1 Qe6 30. Bh2 Bxb2 31. Qb6 Ba3 32. Qxb7 Bc5 33. a5 Rd8 34. a6 Qd7 35. Qxd7 Rxd7 36. Rb1 Nf2+ 37. Rxf2 Bxf2 38. Rb7 Rf7 39. Rxf7 Kxf7 40. Bg1 1-0

[Event "Moscow op"]
[Site "Moscow"]
[Date "1995.??.??"]
[Round "5"]
[White "Minasian, Artashes"]
[Black "Yanvarjov, Igor"]
[Result "1-0"]
[WhiteElo "2395"]
[BlackElo "2425"]
[PlyCount "79"]
[EventDate "1995.??.??"]
[EventType "swiss"]
[EventRounds "9"]
[EventCountry "RUS"]
[SourceTitle "EXT 2000"]
[Source "ChessBase"]
[SourceDate "1999.11.16"]
[SourceVersion "1"]
[SourceVersionDate "1999.11.16"]
[SourceQuality "1"]

1. e4 e5 2. Nf3 d6 3. d4 Nd7 4. dxe5 dxe5 5. Bc4 Bc5 6. Ng5 Nh6 7. 0-0 Qe7 8. c3 Nb6 9. Be2 a5 10. Na3 f6 11. Nf3 Nf7 12. Nc2 c6 13. Be3 0-0 14. Bxc5 Qxc5 15. Ne3 Be6 16. Qc2 Rfd8 17. Rfd1 Rxd1+ 18. Rxd1 a4 19. b4 axb3 20. axb3 Ra3 21. Nd2 Nd6 22. Qb2 Qa5 23. Ndc4 Nbxc4 24. Nxc4 Bxc4 25. Bxc4+ Nxc4 26. bxc4 Qxc3 27. Qxb7 Qd3 28. Qc8+ Kf7 29. Qg4 Qxc4 30. Qd7+ Kg6 31. Qg4+ Kh6 32. Qh3+ Kg6 33. Qg4+ Kh6 34. Qh4+ Kg6 35. g4 Kf7 36. Qh5+ Ke7 37. Qxh7 Qf7 38. Qh8 Qe8 39. Qxg7+ Ke6 40. Qc7 1-0

[Event "Moscow op2"]
[Site "Moscow"]
[Date "1995.??.??"]
[Round "7"]
[White "Perevertkin, Vladimir Viktorovic"]
[Black "Yanvarjov, Igor"]
[Result "0-1"]
[WhiteElo "2320"]
[BlackElo "2425"]
[PlyCount "169"]
[EventDate "1995.11.??"]
[EventType "swiss"]
[EventRounds "9"]
[EventCountry "RUS"]
[SourceTitle "CBM 050 Extra"]
[Source "ChessBase"]
[SourceDate "1996.03.01"]
[SourceVersion "1"]
[SourceVersionDate "1996.03.01"]
[SourceQuality "1"]

1. d4 d6 2. c4 g6 3. Nc3 Bg7 4. e4 Nf6 5. f3 0-0 6. Be3 Nbd7 7. Nh3 a6 8. Qd2 c5 9. d5 b5 10. cxb5 axb5 11. Bxb5 Qa5 12. 0-0 Nb6 13. Nf2 Ba6 14. Qe2 Na4 15. Bxa6 Nxc3 16. bxc3 Qxa6 17. Qxa6 Rxa6 18. Rfc1 Rfa8 19. Rc2 Nd7 20. Bg5 Kf8 21. Ng4 Ke8 22. Bh6 Bh8 23. Kf1 Nb6 24. Bd2 Nc4 25. Ke2 Kd7 26. Ne3 Nb6 27. Kd3 Ra4 28. Rb2 c4+ 29. Ke2 Kc7 30. Nd1 Ra3 31. Rab1 R8a6 32. Be3 Nd7 33. Rb4 Rxa2+ 34. R1b2 R6a4 35. Rxa2 Rxa2+ 36. Kf1 Ne5 37. Bd4 Bf6 38. Bxe5 Bxe5 39. Rxc4+ Kd7 40. h3 Rd2 41. Ne3 Bf4 42. Ng4 h5 43. e5 dxe5 44. Nf2 f5 45. Ke1 Rxd5 46. Nd1 h4 47. Rb4 Ke6 48. Rb2 Rd6 49. Ke2 Rc6 50. Rb5 Ra6 51. c4 Rd6 52. Rb2 Rd4 53. Rc2 e4 54. c5 exf3+ 55. gxf3 Kd5 56. c6 Bc7 57. Nc3+ Kxc6 58. Nb5+ Kxb5 59. Rxc7 e5 60. Re7 Rd5 61. Rg7 Kc4 62. Rxg6 Ra5 63. Rh6 Ra2+ 64. Kf1 Kd4 65. Rxh4+ Ke3 66. Rh5 Rf2+ 67. Kg1 Rxf3 68. h4 Kf4 69. Rh8 Kg4 70. h5 Rh3 71. h6 Kf3 72. h7 Kf4 73. Kg2 Rh4 74. Kf2 e4 75. Kg2 e3 76. Ra8 Rxh7 77. Ra4+ Kg5 78. Kf3 Rh3+ 79. Kg2 Rh4 80. Ra1 Kg4 81. Ra8 Rh7 82. Re8 Kf4 83. Ra8 Rg7+ 84. Kf1 Kf3 85. Ra3 0-1

[Event "Moscow op2"]
[Site "Moscow"]
[Date "1995.??.??"]
[Round "8"]
[White "Stripunsky, Alexander"]
[Black "Yanvarjov, Igor"]
[Result "0-1"]
[WhiteElo "2495"]
[BlackElo "2425"]
[PlyCount "125"]
[EventDate "1995.11.??"]
[EventType "swiss"]
[EventRounds "9"]
[EventCountry "RUS"]
[SourceTitle "CBM 050 Extra"]
[Source "ChessBase"]
[SourceDate "1996.03.01"]
[SourceVersion "1"]
[SourceVersionDate "1996.03.01"]
[SourceQuality "1"]

1. e4 e5 2. Nf3 d6 3. d4 Nf6 4. Nc3 Nbd7 5. Bc4 exd4 6. Qxd4 Nb6 7. Bb3 Be7 8. Bf4 0-0 9. 0-0-0 Be6 10. Qe3 Bxb3 11. axb3 Nfd7 12. e5 Re8 13. Rhe1 Bf6 14. Qe4 dxe5 15. Be3 Qc8 16. g4 Be7 17. g5 Bc5 18. g6 Bxe3+ 19. Rxe3 fxg6 20. Ng5 Nf6 21. Qb4 Qf5 22. Nce4 Nxe4 23. Nxe4 Rad8 24. Rxd8 Rxd8 25. Qe7 Qd7 26. Qxd7 Rxd7 27. c4 Rd4 28. Ng5 Nd7 29. Ne6 Rh4 30. Rd3 Kf7 31. Nxc7 Nc5 32. Re3 a5 33. Kc2 Rxh2 34. Rf3+ Ke7 35. Nd5+ Ke6 36. Rf8 Ne4 37. Re8+ Kd6 38. b4 axb4 39. Kb3 Rxf2 40. Rd8+ Ke6 41. Re8+ Kd7 42. Re7+ Kd6 43. Rxg7 Nc5+ 44. Kxb4 Rxb2+ 45. Kc3 Rb3+ 46. Kc2 b5 47. Rxh7 bxc4 48. Nc3 Ne6 49. Ne4+ Kc6 50. Rh6 Nd4+ 51. Kd2 Rd3+ 52. Kc1 Kd5 53. Nf6+ Ke6 54. Rxg6 Kf5 55. Rh6 Kg5 56. Ng8 Nb3+ 57. Kb2 Nd4 58. Rh2 c3+ 59. Kc1 c2 60. Rh1 Rd1+ 61. Rxd1 cxd1Q+ 62. Kxd1 Nc6 63. Kd2 0-1

[Event "Moscow op"]
[Site "Moscow"]
[Date "1995.??.??"]
[Round "8"]
[White "Yanvarjov, Igor"]
[Black "Donchenko, Anatoly G"]
[Result "1/2-1/2"]
[WhiteElo "2425"]
[BlackElo "2420"]
[PlyCount "153"]
[EventDate "1995.??.??"]
[EventType "swiss"]
[EventRounds "9"]
[EventCountry "RUS"]
[SourceTitle "EXT 2000"]
[Source "ChessBase"]
[SourceDate "1999.11.16"]
[SourceVersion "1"]
[SourceVersionDate "1999.11.16"]
[SourceQuality "1"]

1. d4 d5 2. Bf4 Nf6 3. e3 Bg4 4. Nf3 c6 5. c4 e6 6. Nbd2 Nbd7 7. Qb3 Bxf3 8. gxf3 Qb6 9. h3 Bb4 10. Qc2 c5 11. dxc5 Bxc5 12. 0-0-0 Rc8 13. Kb1 Bd6 14. Bxd6 Qxd6 15. Ne4 Qc6 16. Nxf6+ gxf6 17. Qd2 Nb6 18. cxd5 Qxd5 19. Bd3 Ke7 20. Rhg1 h5 21. h4 Rhd8 22. Qe2 Nc4 23. e4 Qc5 24. Rc1 b5 25. Bxc4 bxc4 26. f4 Qd6 27. Rxc4 Qxf4 28. Rxc8 Rxc8 29. f3 f5 30. a3 Rd8 31. exf5 Qxf5+ 32. Ka1 Rd3 33. f4 Qd5 34. Rc1 Qd4 35. Kb1 Qd5 36. Qc2 Kf6 37. Ka1 Qd4 38. Ka2 Qd5+ 39. Kb1 Qd4 40. Qc8 Qd8 41. Qc5 Qd5 42. Qxa7 Qf5 43. Ka2 Qxf4 44. Qc5 Rd5 45. Qc8 Qxh4 46. Rf1+ Kg7 47. Qc7 Rf5 48. Rg1+ Kh7 49. Qc8 Rg5 50. Rf1 Rg7 51. Qc2+ Kh6 52. Qc1+ Kh7 53. Qc2+ f5 54. Qe2 Rg6 55. Rc1 Qg4 56. Qe5 h4 57. Rc8 Rg7 58. Qxe6 Qg6 59. Qe1 Qf7+ 60. Ka1 Rg4 61. Rc6 Qg7 62. Qe6 Rg1+ 63. Ka2 Qg8 64. Rc7+ Rg7 65. Qxg8+ Kxg8 66. Rc1 h3 67. Rh1 Rg3 68. a4 f4 69. a5 Kf7 70. b4 Ke6 71. a6 Kd6 72. a7 Rg8 73. Rxh3 Ra8 74. Rh7 Kc6 75. Kb3 Kb6 76. Rf7 Rxa7 77. Rxf4 1/2-1/2